000 00541nam a22001817a 4500
003 OSt
005 20251205054739.0
008 251205b |||||||| |||| 00| 0 eng d
020 _a971-118-088-X.
040 _aDWCL-Main lib.
_cOC
082 _aFil. 890 M491 1990
100 _aMedina, B. S. Jr.
245 _aOrosman at Zafira ni Balagtas/
_cB. S. Medina Jr.
260 _aManila :
_bDe La Salle University Press,
_cc1990.
300 _aiv, 327 p. ;
_c23 cm.
650 _aPhilippine literature.
942 _2ddc
_cBK - FIL
_hFil.
_n0
999 _c6943
_d6943